Lebron James Quiz - Statistics

General Stats
  • This quiz has been taken 1,542 times
  • The average score is 10 of 15
Answer Stats
Hint Answer % Correct
How tall is Lebron? 6'8
89%
How many rings does Lebron have? 1
87%
How many MVP'S did Lebron earn in his career? 3
86%
How many gold medals has Lebron won with the U.S Olympic team 3
86%
How many children does Lebron have? 2
81%
How many All-Star teams did Lebron make? 9
80%
How many seasons has Lebron been in the NBA? 9
80%
What state was Lebron born in? Ohio
77%
What other sport besides Basketball did he play? Football
76%
What shoes does Lebron have a endorsement contract with? Nike
70%
What is Lebron's highest amount of points scored in a single game? 56
60%
What is Lebron's birthdate? December 30
55%
What high school did Lebron attend? St. Vincent- St. Mary
46%
NBA Team 2003-2010 Clevland Cavaliers
10%
Who did Lebron get into a fight with in a NBA game? Deshawn Stevenson
1%
No matching quizzes found
Score Distribution
Percent of People with Each Score
Percentile by Number Answered
Your Score History
You have not taken this quiz